000 00483nam a2200193Ia 4500
005 20240823020418.0
008 240823s9999||||xx |||||||||||||| ||und||
020 _a0-07-463454-2
041 _aENGLISH
082 _A005.133 P5
100 _aVenugopal K R [et al]
245 0 _aMastering C++
250 _a1st
260 _c2005
_b"Tata McGraw-Hill Publishing Company Limited,New "
500 _aYES
650 _aC++
_bComputer Applications
942 _cBK
999 _c174690
_d174690